00747nam a22002057a 450000500170000001000150001702000260003203500130005803700130007108200080008410000170009224500700010926000360017927000840021530000200029950000500031994200220036999900170039195201330040820130513165704.0 aENG-107119 a9788183763523c995.00 aEN-90652 bDBAD/PUB a485 aRamesh Kumar10aSpoken English :cby Ramesh Kumarbmethods, tools and technique / aNew DelhibABD Publishersc2012 a102, 1st Floor, Satyam House, 4327/3, Ansari Road, DaryaganjbNew Delhie110002 a272p.c22cm(Hb) aIncludes bibliographical references and index 2ddccENmRAMh485 c75528d75528 001040718NFICaDBADbDBADd2013-05-13eDBAD/PUBg995.00l0o485 RAMpEN-90652r2013-05-13 00:00:00t1v995.00w2013-05-13yEN